Представление документа в формате RUSMARC

ПолеНазваниеЗначение
  Тип записи a
  Библиографический уровень a
001 Контрольный номер UONB/MAIN/8bc408488c294f46a05f57c3b5ec1f03
005 Дата корректировки 20260315144635.9
100 Данные общей обработки __
a Данные общей обработки 20260315 ||| 0rusy0189 ca
101 Язык документа 0_
a Язык текста rus
102 Страна публикации __
a Страна публикации RU
200 Заглавие и сведения об ответственности 1_
a Заглавие Память сердца не остынет...
203 Вид содержания и тип средства __
a Вид содержания Текст
b Характеристика содержания визуальный
c Тип средства непосредственный
215 Физическое описание __
c Иллюстрации/тип воспроизводства ил., фот.
330 Аннотация __
a Аннотация Презентация книги Н. Васильевой "Нет, память сердца не остынет..." о героях Великой Отечественной войны.
461 Уровень набора _0
1 2000
a Мономах
463 Уровень физической единицы _0
1 2000
a № 1 (151)
v С. 60-61
1 2101
d 2026
1 001UONB/MAIN/4d6c2f41dae74779a6f13d943e5f83f3
607 Географические рубрики __
a Географическое наименование Мирный, поселок (Чердаклинский район ; Ульяновская область)
610 Ключевые слова 0_
a Ключевые слова книги о войне; герои Великой Отечественной войны 1941-1945 гг.
686 Индексы других классификаций __
2 Код системы rubbk
a Классификационный индекс 76.11
801 Источник записи _0
a Страна RU
b Организация Ульяновская ОНБ
c Дата составления 20260315
g Правила каталогизации RCR
801 Источник записи _1
a Страна RU
b Организация Ульяновская ОНБ
c Дата составления 20260315
g Правила каталогизации RCR
901 Тип документа __
t Тип документа b
w Контрольный № источника UONB/MAIN/4d6c2f41dae74779a6f13d943e5f83f3
909 Создатель записи __
a Создатель записи Осокина
b Дата создания записи 20260315